Σχήματα Χωρών από Ν - Statistics

General Stats
  • This quiz has been taken 8 times
  • The average score is 9 of 13
Answer Stats
Picture Answer % Correct
Νορβηγία
100%
Νέα Ζηλανδία
86%
Νήσοι Μάρσαλ
86%
Νότια Κορέα
86%
Νεπάλ
71%
Νήσοι Σολομώντα
71%
Νότια Αφρική
71%
Ναμίμπια
57%
Ναουρού
57%
Νίγηρας
57%
Νικαράγουα
57%
Νότιο Σουδάν
57%
Νιγηρία
43%
No matching quizzes found
Score Distribution
Percent of People with Each Score
Percentile by Number Answered
Your Score History
You have not taken this quiz